000 00537nam a2200217Ia 4500
003 OSt
005 20221005115405.0
006 a|||||r|||| 00| 0
007 ta
008 221004b |||||||| |||| 00| 0 eng d
024 _a71036
037 _cTextual
040 _aCRL
_cCRL
_beng
041 _2eng
_aeng
082 _aY1:5sn2:M8, K4.5,7A,19/20
245 0 _aCensus of India 1961
260 _c1964
650 _aSOCIOLOGY
942 _hY1:5sn2:M8, K4.5,7A,19/20
_cTEXL
_2cc
999 _c1034635
_d1034635